Océano vocabulario técnico - científico (Registro nro. 13296)
[ vista simple ]
| 000 -CABECERA | |
|---|---|
| campo de control de longitud fija | 00490nam a22001937a 4500 |
| 005 - FECHA Y HORA DE ACTUALIZACIÓN | |
| campo de control | 20230418183000.0 |
| 008 - LONGITUD FIJA | |
| campo de control de longitud fija | 220328b2001 xxu||||| |||| 00| 0 spa d |
| 020 ## - INTERNATIONAL STANDARD BOOK NUMBER | |
| Número Internacional Estándar del Libro | 9706513302 |
| 041 ## - IDIOMA | |
| Código de idioma del texto/pista de sonido o título separado | Español |
| 082 ## - CLASIFICACIÓN DECIMAL DEWEY | |
| Número de clasificación | R 503 V872v |
| 245 ## - TÍTULO PROPIAMENTE DICHO | |
| Título | Océano vocabulario técnico - científico |
| 260 ## - PIE DE IMPRENTA | |
| Lugar de publicación, distribución, etc. | España |
| 260 ## - PIE DE IMPRENTA | |
| Nombre del editor, distribuidor, etc. | Océano Grupo Editorial |
| 300 ## - DESCRIPCIÓN FÍSICA | |
| Extensión | 490 páginas |
| 650 ## - Materia General | |
| Materia general | DICCIONARIOS |
| 650 ## - Materia General | |
| Materia general | TÉCNICA |
| 650 ## - Materia General | |
| Materia general | CIENTÍFICO |
| 942 ## - Punto de Acceso Adicional Koha | |
| Tipo de ítem Koha | Referencia |
| Estado perdido | Estado dañado | No para préstamo | Biblioteca permanente | Biblioteca actual | Signatura completa | Código de barras | Precio efectivo a partir del | Tipo de ítem |
|---|---|---|---|---|---|---|---|---|
| Departamento de Biblioteca y Documentación Alfonso Chase Brenes | Departamento de Biblioteca y Documentación Alfonso Chase Brenes | R 503 V872v | 7133 | 28/03/2022 | Referencia |